Регионална библиотека "Любен Каравелов" - Русе

Съвременното положение на българското обществено стопанство и изгледите за неговото развитие (Запис номер 126045)

MARC детайли
000 -Лидер
Контролно поле с фиксирана дължина 01888nam a2200421 c 4500
003 - Код на организацията, давaща контролен номер
Контролно поле BLK
005 - Дата и час на последна редакция
Контролно поле 20250122135447.0
008 - Елементи от данни с фиксирана дължина
fixed length control field 180409b bul|||||r ||||||| ||bul||
010 ## - Наследен системен номер
LC control number KNG00131724000
040 ## - Източник на каталожния запис
Идентификатор на билиотеката - собственик на записа BLK
041 ## - Код за език
Код за езика на текст/звукозапис или на отделно заглавие Български
Код за езика КДБФ Български
072 #7 - Код за тематичната категория
Код организация bullib
Код за тематична категория К
Текст Краезнание
072 #7 - Код за тематичната категория
Код организация bullib
Код за тематична категория Я
Текст Автографи
080 ## - УДК
Текстов определител УДК Икономическа политика. Стопанско ръководство. Управление на стопанство. Стопанско планиране.
УДК код - определител по УДК 338.2
УДК определител (497.2)
УДК - код + определител 338.2(497.2)
100 1# - Редна дума - Автор
Автор Бахаров, Васил Тодоров
Авторска отговорност първи автор
R(LIN) 319703
139 ## - Редно поле
Редна дума Бахаров, Васил Тодоров
Авторски знак Бах - Б 30
245 10 - Сведения за заглавието
Заглавие Съвременното положение на българското обществено стопанство и изгледите за неговото развитие
Редно поле (дума) Васил Тодоров Бахаров.
257 ## - Страна на издаване
Страна на създаване/издаване България
260 ## - Област на издателските данни
Година на издаване 1922
Печатница Русе : Малджиев
300 ## - Физическа характеристика
Страници 31 с.
Размери/Мащаб 25 см
380 ## - Жанр
Жанр Обществени науки
590 ## - Забележки на библиотеката, притежаваща документа (RLIN)
Служебно Автографът е от автора за Георги Мушанов - председател на Търг. Инд. Камара, Русе, 12 юни 1923 г.
650 #4 - Допълнително описание по предмет – тема
Основно описание – тема или топоним Икономически растеж - България
9 (RLIN) 302783
650 #4 - Допълнително описание по предмет – тема
Основно описание – тема или топоним България - стопанска политика
9 (RLIN) 269884
651 #4 - Допълнително описание по предмет - топоним
Географско понятие България
9 (RLIN) 241624
653 ## - Ключова дума – ненормативна
Ключова дума икономическо развитие
653 ## - Ключова дума – ненормативна
Ключова дума България
659 ## - Тематичен бюлетин
Тематичен бюлетин К
659 ## - Тематичен бюлетин
Тематичен бюлетин Я
852 ## - Местоположение
Форматна сигнатура Цб 123305
852 ## - Местоположение
Форматна сигнатура К 338/Б 30 В
856 4# - Електронен адрес и достъп
Електронен формат pdf - файл
856 4# - Електронен адрес и достъп
Електронен формат pdf - файл
999 ## - СИСТЕМНИ КОНТРОЛНИ НОМЕРА
Koha biblionumber 126045
Koha biblioitemnumber 126045
942 ## - АРТИКУЛИ
Вид на библиотечния материал Книги
Скрит в OPAC Не
Периодичен библиозапис Да
Koha issues (borrowed), all copies 1
944 ## - СЪЗДАВАНЕ И РЕДАКЦИЯ на ЗАПИСА
Създаване/Редакция Създаване
Дата на регистрацията/редакция 27.06.2012
Статус, дата на статуса Валя Йорданова
Служител, извършил регистрацията/редакцията 30558
944 ## - СЪЗДАВАНЕ И РЕДАКЦИЯ на ЗАПИСА
Създаване/Редакция Редакция
Дата на регистрацията/редакция 30.10.2014
Статус, дата на статуса 27.06.2012 - от С1,Р / 27.06.2012
999 ## - СИСТЕМНИ КОНТРОЛНИ НОМЕРА
Koha biblioitemnumber 126045
Наличности
Код за отписване Код за изгубен артикул Източник на класификационната схема Код за повреда Коз за рестрикции Код за отдаване Артикулен № Име на библиотеката - собственик Име на библиотеката, в която се намира в момента Статус (Текущо местоположение) Дата на вписване в системата Местоположение - отдел Цена в лева Номерация (Хронология) Инвентарен номер Систематично азбучна сигнатура Баркод Номер на екземпляра Цена в евро Служебна бележка Служебен тип на артикула
  Не е изгубен Universal Decimal Classification Не е повреден без рестрикции ползва се в читалня 205037 Регионална библиотека "Любен Каравелов" Русе Регионална библиотека "Любен Каравелов" Русе Краезнание 1922-01-01 Краезнание 3.00 Автограф: Васил Бахаров 383497 К 338/Б 30 В 120000383497 1 1.53 Вид: Сф Дата: 01.01.1922 Дата инв: 09.11.2017 Бележки инв: К2017 Книги
Vip Innovations Ltd, Rousse, Bulgaria 2025